| 000 | 01969nam a2200469 i 4500 | ||
|---|---|---|---|
| 001 | DIGUDROS0537 | ||
| 003 | NyNyDIG | ||
| 006 | m o d | ||
| 007 | cr ||||||||||| | ||
| 008 | 201203s2012 ck ob 000 0 spa d | ||
| 035 | _a(OCoLC)1225964141 | ||
| 040 |
_aDGITA _beng _erda _epn _cDGITA |
||
| 043 | _as-ck--- | ||
| 020 |
_z9789587382952 _qimpreso |
||
| 050 | 1 | 4 | _aKHH3549 ebook |
| 082 | 0 | 4 | _a344.861 |
| 130 | 0 | _a¿Todos a la escuela? (Bogotá, Colombia) | |
| 245 | 1 | 0 |
_a¿Todos a la escuela? : _bretos de la gratuidad de la educación pública en Colombia : la Sentencia C-376 de 2010 / _cCamilo Ernesto Castillo Sánchez, Esteban Hoyos Ceballos, Compiladores. |
| 264 | 1 |
_aBogotá D.C. : _bEditorial Universidad del Rosario, _c[2012] |
|
| 300 | _a1 online resource. | ||
| 336 |
_atext _btxt _2rdacontent |
||
| 337 |
_acomputer _bc _2rdamedia |
||
| 338 |
_aonline resource _bcr _2rdacarrier |
||
| 347 |
_atext file _2rdaft |
||
| 347 | _bPDF | ||
| 490 | 1 | _aColección Debates democráticos | |
| 504 | _aIncludes bibliographical references. | ||
| 588 | 0 | _aOnline resource; title from PDF title page (Digitalia, viewed December 3, 2020) | |
| 650 | 0 |
_aEducation _xFinance _xLaw and legislation _zColombia. |
|
| 650 | 0 |
_aRight to education _zColombia. |
|
| 610 | 1 | 0 |
_aColombia. _bCorte Constitucional. |
| 655 | 0 | _aElectronic books. | |
| 700 | 1 |
_aCastillo Sánchez, Camilo Ernesto, _eeditor. |
|
| 700 | 1 |
_aHoyos Ceballos, Esteban, _eeditor. |
|
| 791 | 2 |
_aDigitalia (Firm), _edistributor. |
|
| 793 | 0 |
_gDigitalia eBook Collection: _aUniversidad del Rosario |
|
| 776 | 0 | 8 |
_iPrint version: _a¿Todos a la escuela? (Bogotá, Colombia). _t¿Todos a la escuela?. _bPrimera edición. _dBogotá D.C. : Editorial Universidad del Rosario, 2012 _z9789587382952 _w(OCoLC)845342464 |
| 830 | 0 | _aDebates democráticos. | |
| 856 | 4 | 0 |
_3Digitalia Hispánica _uhttps://www.digitaliapublishing.com/a/60933/ |
| 910 | _aPremium collection: 2020 | ||
| 942 | _cRAA | ||
| 999 |
_c257287 _d257287 |
||